Szczegóły MARC21

[Oral Őcrit] : livret d'activitès avec casette /

005 -DATA I CZAS OSTATNIEJ MODYFIKACJI [,]
    • @
    • pole kontrolne
    • 20070315155141.9
020 -Międzynarod. znormalizowany nr książki - ISBN [ , ]
    • a
    • Numer ISBN
    • 201020008X Find
040 -Instytucja sporządzająca opis [ , ]
    • a
    • Instytucja, która sporządziła opis (NP)
    • SZCZ U
    • c
    • Instytucja, która sporządziła rekord (NP)
    • SZCZ U
041 -Język dokumentu [0, ]
    • a
    • Język tekstu (P)
    • francuski
    • h
    • Język tekstu oryginalnego i/lub pośredniego (P)
    • francuski
942 -Rodzaj dokumentu [ , ]
    • c
    • Rodzaj dokumentu
    • Książka
245 -Strefa tytułu i oznaczenia odpowiedzialności [0, ]
    • a
    • Tytuł
    • [Oral Őcrit] : Find
    • b
    • Ciąg dalszy tytułu (NP)
    • livret d'activitès avec casette / Find
250 -Strefa wydania [ , ]
    • a
    • Oznaczenie wydania (NP)
    • [Ed.2].
260 -Strefa adresu wydawniczego [ , ]
    • a
    • Miejsce wydania (P)
    • Paris :
    • b
    • Nazwa wydawcy (P)
    • Hachette,
    • c
    • Data wydania (P)
    • 1995.
300 -Strefa opisu fizycznego [ , ]
    • a
    • Określenie formy książki i/lub objętość (NP)
    • 95 s. :
    • b
    • Oznaczenie ilustracji (NP)
    • rys. :
    • c
    • Format (NP)
    • 23 cm.
490 -Strefa serii i książki wielotomowej - forma nie do wyszukiwania [0, ]
    • a
    • Tytuł (P)
    • (DELF [Diplôme D'Etudes en Langue Française] ; Find
    • v
    • Numeracja (P)
    • UnitŐ A1)
080 -Uniwersalna Klasyfikacja Dziesiętna [ , ]
    • a
    • Symbol klasyfikacji
    • 804.0-06(07)
080 -Uniwersalna Klasyfikacja Dziesiętna [ , ]
    • a
    • Symbol klasyfikacji
    • +804.0-15(07)
980 -Symbol UKD [ , ]
    • a
    • UKD
    • 804.0-06+804.0-15](07)
700 -Hasło dodatkowe - nazwa osobowa [ , ]
    • a
    • Nazwa osobowa (NP)
    • Barbot Marie-José Find
700 -Hasło dodatkowe - nazwa osobowa [ , ]
    • a
    • Nazwa osobowa (NP)
    • Descayrac Catherine Find
920 -ISBN [ , ]
    • a
    • ISBN
    • 2-0102-0008-X Find
Sygnatura Lokalizacja Data inwentaryzacji Numer inwentarzowy Status udost.
FR. Metodyka - komunikacja 13BM2000-03-27A.56171
 BM2000-03-27A.5616-3